[Event "Bhubaneswar op-A 14th"]
[Site "Bhubaneswar"]
[Date "2023.06.15"]
[Round "7"]
[White "Soumick, Bandopadhyay"]
[Black "Nirgun, Keval"]
[Result "1-0"]
[WhiteElo "1573"]
[BlackElo "1813"]
[PlyCount "113"]
[EventDate "2023.06.11"]
[EventType "swiss"]
[EventRounds "10"]
[EventCountry "IND"]
[SourceTitle "CBM 214 Extra"]
[Source "ChessBase"]
[SourceDate "2023.07.31"]
[SourceVersion "1"]
[SourceVersionDate "2023.07.31"]
[SourceQuality "1"]

1. d4 Nf6 2. Nf3 g6 3. c4 Bg7 4. Nc3 0-0 5. e4 d6 6. Be2 Nbd7 7. 0-0 e5 8. Be3 Ng4 9. Bg5 f6 10. Bd2 Nh6 11. Qc2 Nf7 12. Be3 c6 13. Rfd1 Qe7 14. a3 Re8 15. b4 Nf8 16. d5 Nd7 17. Nd2 c5 18. Nb5 Qd8 19. bxc5 Nxc5 20. Nb3 b6 21. a4 a6 22. Nc3 a5 23. Nxc5 bxc5 24. Rab1 f5 25. f3 f4 26. Bf2 g5 27. Qb3 Qe7 28. Nb5 h5 29. Qa3 Ba6 30. Be1 Bc8 31. Bf2 Bf8 32. Bxc5 dxc5 33. d6 Qd8 34. Nc7 Bd7 35. Nxa8 Qxa8 36. Rb6 Rc8 37. Qb3 Nd8 38. Rd5 Bg7 39. Kf1 Ne6 40. Rb7 Bc6 41. Rxg7+ Kxg7 42. Rxe5 Bd7 43. Qc3 Kg6 44. h4 Qb8 45. Rf5 Nd4 46. Rxg5+ Kh6 47. Qd2 Ne6 48. Qd5 Nxg5 49. Qxg5+ Kh7 50. Qe7+ Kg6 51. Qxd7 Rf8 52. e5 Qb1+ 53. Kf2 Qb2 54. Qe6+ Kg7 55. Qd5 Rf5 56. d7 Rxe5 57. Qxe5+ 1-0